| 000 | 00723nam a22002537a 4500 | ||
|---|---|---|---|
| 003 | CHAP | ||
| 005 | 20220329140522.0 | ||
| 008 | 971013s r 00010 d | ||
| 010 | _a53228 | ||
| 011 | _a54200 | ||
| 035 | _a58351 | ||
| 040 | _cCHAP | ||
| 090 | _aR-153 | ||
| 100 | 0 | 0 |
_aWeatherwax, Paul. _9121250 |
| 245 | _aCleistogarny in two species of Danthonia | ||
| 500 | _aSobretiro de: The Botanical Gazette 85(1): 104-109, 1928 | ||
| 590 |
_aBATCH-UPD _b10 _c20130110 _lUCH01 _h0734 |
||
| 590 |
_aBATCH-UPD _b10 _c20130110 _lUCH01 _h2353 |
||
| 590 |
_aCONVERSION _b10 _c20130109 _lUCH01 _h1329 |
||
| 650 | 1 | 4 |
_aDanthonia. _931064 |
| 901 | _aBK | ||
| 942 | _cREIMP | ||
| 949 |
_aR-153 _bBC _cR _d-126670 _eTS1 _i58351 _si |
||
| 999 |
_c53228 _d53228 |
||